[Event "Blitz 2018"]
[Site "Saint-Petersburg"]
[Date "2018.12.30"]
[Round "15"]
[Board "41"]
[White "Sarana Alexey (RUS)"]
[Black "Usmanov Vasily (RUS)"]
[Result "1/2-1/2"]
[LiveChessVersion "1.4.8"]
[BlackElo "2459"]
[WhiteElo "2616"]

1. d4 {[%clk 0:03:03]} Nf6 {[%clk 0:03:01]} 2. Bg5 {[%clk 0:03:03]} Ne4
{[%clk 0:02:56]} 3. Bf4 {[%clk 0:03:04]} c5 {[%clk 0:02:55]} 4. f3
{[%clk 0:03:04]} Qa5+ {[%clk 0:02:49]} 5. c3 {[%clk 0:03:04]} Nf6
{[%clk 0:02:50]} 6. Nd2 {[%clk 0:03:01]} cxd4 {[%clk 0:02:50]} 7. Nc4
{[%clk 0:02:53]} Qf5 {[%clk 0:02:26]} 8. Bxb8 {[%clk 0:02:53]} Rxb8
{[%clk 0:02:27]} 9. Qxd4 {[%clk 0:02:47]} b6 {[%clk 0:02:25]} 10. e4
{[%clk 0:02:43]} Qc5 {[%clk 0:02:25]} 11. Ne2 {[%clk 0:02:35]} e6
{[%clk 0:02:12]} 12. O-O-O {[%clk 0:02:25]} Qxd4 {[%clk 0:02:00]} 13. Nxd4
{[%clk 0:02:25]} d5 {[%clk 0:01:58]} 14. Ne5 {[%clk 0:02:16]} Bc5
{[%clk 0:01:37]} 15. Bb5+ {[%clk 0:02:04]} Kf8 {[%clk 0:01:38]} 16. exd5
{[%clk 0:01:58]} exd5 {[%clk 0:01:39]} 17. Rhe1 {[%clk 0:01:51]} g6
{[%clk 0:01:22]} 18. Bc6 {[%clk 0:01:21]} Kg7 {[%clk 0:01:21]} 19. b4
{[%clk 0:01:22]} Bxd4 {[%clk 0:01:18]} 20. Rxd4 {[%clk 0:01:20]} Be6
{[%clk 0:01:19]} 21. Kb2 {[%clk 0:01:18]} Rbc8 {[%clk 0:01:17]} 22. Bb5
{[%clk 0:01:17]} h5 {[%clk 0:01:15]} 23. h4 {[%clk 0:01:17]} Rhd8
{[%clk 0:01:15]} 24. Bd3 {[%clk 0:01:15]} Nd7 {[%clk 0:01:09]} 25. Nxg6
{[%clk 0:01:10]} fxg6 {[%clk 0:00:44]} 26. Rxe6 {[%clk 0:01:11]} Nf8
{[%clk 0:00:45]} 27. Re7+ {[%clk 0:01:11]} Kf6 {[%clk 0:00:47]} 28. Rxa7
{[%clk 0:01:11]} Ne6 {[%clk 0:00:48]} 29. Ba6 {[%clk 0:00:47]} Ra8
{[%clk 0:00:41]} 30. Rxa8 {[%clk 0:00:38]} Rxa8 {[%clk 0:00:42]} 31. Bb7
{[%clk 0:00:33]} Ra7 {[%clk 0:00:43]} 32. Bxd5 {[%clk 0:00:28]} Nxd4
{[%clk 0:00:43]} 33. cxd4 {[%clk 0:00:29]} Rd7 {[%clk 0:00:45]} 34. Be4
{[%clk 0:00:30]} Rxd4 {[%clk 0:00:46]} 35. Kc3 {[%clk 0:00:31]} Rd1
{[%clk 0:00:46]} 36. a4 {[%clk 0:00:32]} Ra1 {[%clk 0:00:46]} 37. Kb3
{[%clk 0:00:31]} g5 {[%clk 0:00:29]} 38. hxg5+ {[%clk 0:00:32]} Kxg5
{[%clk 0:00:30]} 39. g3 {[%clk 0:00:33]} Kf6 {[%clk 0:00:30]} 40. Bc6
{[%clk 0:00:33]} Rg1 {[%clk 0:00:28]} 41. Kc4 {[%clk 0:00:16]} Rxg3
{[%clk 0:00:28]} 42. Kb5 {[%clk 0:00:18]} h4 {[%clk 0:00:24]} 43. Kxb6
{[%clk 0:00:19]} h3 {[%clk 0:00:26]} 44. f4 {[%clk 0:00:20]} h2 {[%clk 0:00:26]}
45. a5 {[%clk 0:00:21]} Rd3 {[%clk 0:00:12]} 46. Kb5 {[%clk 0:00:14]} Rd6
{[%clk 0:00:11]} 47. Bb7 {[%clk 0:00:14]} Rd7 {[%clk 0:00:11]} 48. Bh1
{[%clk 0:00:14]} Rd1 {[%clk 0:00:10]} 49. Bg2 {[%clk 0:00:14]} Rg1
{[%clk 0:00:09]} 50. Bf3 {[%clk 0:00:12]} Rf1 {[%clk 0:00:10]} 51. Bb7
{[%clk 0:00:12]} h1=Q {[%clk 0:00:05]} 52. Bxh1 {[%clk 0:00:13]} Rxh1
{[%clk 0:00:06]} 53. a6 {[%clk 0:00:14]} Ra1 {[%clk 0:00:06]} 54. Kb6
{[%clk 0:00:15]} Ke7 {[%clk 0:00:07]} 55. b5 {[%clk 0:00:15]} Kd6
{[%clk 0:00:09]} 56. Kb7 {[%clk 0:00:16]} Kc5 {[%clk 0:00:07]} 57. f5
{[%clk 0:00:05]} Kxb5 {[%clk 0:00:07]} 58. a7 {[%clk 0:00:06]} Kc5
{[%clk 0:00:06]} 59. f6 {[%clk 0:00:07]} Kd6 {[%clk 0:00:07]} 60. a8=Q
{[%clk 0:00:08]} Rxa8 {[%clk 0:00:08]} 61. Kxa8 {[%clk 0:00:09]} Ke6
{[%clk 0:00:09]} 62. f7 {[%clk 0:00:10]} Kxf7 {[%clk 0:00:10]} 63. Ka7 1/2-1/2

[Event "Blitz 2018"]
[Site "Saint-Petersburg"]
[Date "2018.12.30"]
[Round "15"]
[Board "42"]
[White "Yakubboev Nodirbek (UZB)"]
[Black "Rakhmanov Aleksandr (RUS)"]
[Result "1-0"]
[LiveChessVersion "1.4.8"]
[BlackElo "2615"]
[WhiteElo "2388"]

1. e4 {[%clk 0:03:02]} c5 {[%clk 0:03:03]} 2. Nc3 {[%clk 0:03:01]} Nc6
{[%clk 0:03:04]} 3. Bb5 {[%clk 0:03:01]} Nd4 {[%clk 0:03:05]} 4. Nf3
{[%clk 0:03:00]} a6 {[%clk 0:02:54]} 5. Bd3 {[%clk 0:02:51]} g6 {[%clk 0:02:55]}
6. Nxd4 {[%clk 0:02:25]} cxd4 {[%clk 0:02:55]} 7. Ne2 {[%clk 0:02:26]} Bg7
{[%clk 0:02:56]} 8. c3 {[%clk 0:02:14]} dxc3 {[%clk 0:02:57]} 9. dxc3
{[%clk 0:02:14]} d6 {[%clk 0:02:54]} 10. O-O {[%clk 0:02:10]} Nf6
{[%clk 0:02:55]} 11. a4 {[%clk 0:01:57]} O-O {[%clk 0:02:54]} 12. f3
{[%clk 0:01:48]} Bd7 {[%clk 0:02:46]} 13. Be3 {[%clk 0:01:46]} Rc8
{[%clk 0:02:47]} 14. Qd2 {[%clk 0:01:37]} Re8 {[%clk 0:02:47]} 15. a5
{[%clk 0:01:11]} Bc6 {[%clk 0:02:44]} 16. c4 {[%clk 0:01:05]} Nd7
{[%clk 0:02:43]} 17. Bd4 {[%clk 0:00:57]} Ne5 {[%clk 0:02:29]} 18. b3
{[%clk 0:00:58]} e6 {[%clk 0:02:21]} 19. Qc3 {[%clk 0:00:52]} Qh4
{[%clk 0:01:59]} 20. Bc2 {[%clk 0:00:34]} Qh6 {[%clk 0:01:58]} 21. Rad1
{[%clk 0:00:30]} g5 {[%clk 0:01:49]} 22. Qd2 {[%clk 0:00:27]} Red8
{[%clk 0:01:43]} 23. Bb6 {[%clk 0:00:24]} Rd7 {[%clk 0:01:43]} 24. Be3
{[%clk 0:00:25]} Bf6 {[%clk 0:01:38]} 25. Nd4 {[%clk 0:00:24]} Qg7
{[%clk 0:01:35]} 26. Kh1 {[%clk 0:00:23]} h6 {[%clk 0:01:25]} 27. Qe2
{[%clk 0:00:20]} Ng6 {[%clk 0:01:25]} 28. Nxc6 {[%clk 0:00:20]} bxc6
{[%clk 0:01:20]} 29. b4 {[%clk 0:00:20]} Nf4 {[%clk 0:01:13]} 30. Qf2
{[%clk 0:00:17]} Bc3 {[%clk 0:01:11]} 31. Rb1 {[%clk 0:00:16]} Rb7
{[%clk 0:01:00]} 32. Bb6 {[%clk 0:00:16]} Rbb8 {[%clk 0:00:55]} 33. g3
{[%clk 0:00:16]} Ng6 {[%clk 0:00:53]} 34. f4 {[%clk 0:00:17]} Rb7
{[%clk 0:00:38]} 35. Qe2 {[%clk 0:00:16]} Rbb8 {[%clk 0:00:36]} 36. c5
{[%clk 0:00:13]} dxc5 {[%clk 0:00:29]} 37. bxc5 {[%clk 0:00:14]} Ra8
{[%clk 0:00:29]} 38. Bd3 {[%clk 0:00:15]} Rcb8 {[%clk 0:00:21]} 39. Bxa6
{[%clk 0:00:14]} Qd4 {[%clk 0:00:22]} 40. Rbd1 {[%clk 0:00:11]} Qa4
{[%clk 0:00:18]} 41. Bd3 {[%clk 0:00:10]} Bxa5 {[%clk 0:00:06]} 42. Ra1
{[%clk 0:00:11]} Qb4 {[%clk 0:00:07]} 43. Rfb1 {[%clk 0:00:12]} Qc3
{[%clk 0:00:08]} 44. Rc1 {[%clk 0:00:13]} Qb4 {[%clk 0:00:06]} 45. Rc4
{[%clk 0:00:14]} Bxb6 {[%clk 0:00:06]} 46. Rxa8 {[%clk 0:00:13]} Rxa8
{[%clk 0:00:04]} 47. Rxb4 {[%clk 0:00:14]} Bxc5 {[%clk 0:00:04]} 48. Rb1
{[%clk 0:00:14]} gxf4 {[%clk 0:00:05]} 49. e5 {[%clk 0:00:15]} f3
{[%clk 0:00:04]} 50. Qc2 {[%clk 0:00:12]} Nxe5 {[%clk 0:00:03]} 51. Qxc5
{[%clk 0:00:12]} Nxd3 {[%clk 0:00:05]} 52. Qe3 {[%clk 0:00:13]} Ra3
{[%clk 0:00:05]} 53. Rd1 {[%clk 0:00:13]} c5 {[%clk 0:00:03]} 54. Rxd3
{[%clk 0:00:13]} Ra1+ {[%clk 0:00:04]} 55. Qg1 {[%clk 0:00:14]} 1-0

[Event "Blitz 2018"]
[Site "Saint-Petersburg"]
[Date "2018.12.30"]
[Round "15"]
[Board "43"]
[White "Motylev Alexander (RUS)"]
[Black "Yilmaz Mustafa (TUR)"]
[Result "0-1"]
[LiveChessVersion "1.4.8"]
[BlackElo "2515"]
[WhiteElo "2609"]

1. e4 {[%clk 0:03:02]} c5 {[%clk 0:03:03]} 2. Nf3 {[%clk 0:03:03]} d6
{[%clk 0:03:05]} 3. d4 {[%clk 0:03:03]} cxd4 {[%clk 0:03:05]} 4. Nxd4
{[%clk 0:03:04]} Nf6 {[%clk 0:03:06]} 5. Nc3 {[%clk 0:03:05]} a6 {[%clk 0:03:08]}
6. Be3 {[%clk 0:03:06]} e5 {[%clk 0:03:07]} 7. Nf3 {[%clk 0:03:06]} Qc7
{[%clk 0:03:08]} 8. Be2 {[%clk 0:03:06]} Be7 {[%clk 0:03:09]} 9. a4
{[%clk 0:03:07]} O-O {[%clk 0:03:09]} 10. O-O {[%clk 0:03:08]} Be6
{[%clk 0:03:10]} 11. a5 {[%clk 0:02:46]} h6 {[%clk 0:03:10]} 12. Nd2
{[%clk 0:02:41]} Nbd7 {[%clk 0:02:52]} 13. Bf3 {[%clk 0:02:27]} b5
{[%clk 0:02:19]} 14. axb6 {[%clk 0:02:18]} Nxb6 {[%clk 0:02:20]} 15. Bxb6
{[%clk 0:02:18]} Qxb6 {[%clk 0:02:20]} 16. b3 {[%clk 0:02:07]} Rfc8
{[%clk 0:01:45]} 17. Nd5 {[%clk 0:02:05]} Nxd5 {[%clk 0:01:24]} 18. exd5
{[%clk 0:02:05]} Bf5 {[%clk 0:01:25]} 19. Nc4 {[%clk 0:02:00]} Qd8
{[%clk 0:01:15]} 20. Bg4 {[%clk 0:01:58]} Bxg4 {[%clk 0:01:12]} 21. Qxg4
{[%clk 0:01:58]} a5 {[%clk 0:01:13]} 22. Ra4 {[%clk 0:01:58]} Rc5
{[%clk 0:01:14]} 23. Rd1 {[%clk 0:01:48]} Qc7 {[%clk 0:01:14]} 24. g3
{[%clk 0:01:36]} g6 {[%clk 0:01:14]} 25. Qe2 {[%clk 0:01:35]} Kg7
{[%clk 0:01:10]} 26. h4 {[%clk 0:01:13]} h5 {[%clk 0:01:11]} 27. Qd2
{[%clk 0:00:51]} Bd8 {[%clk 0:01:06]} 28. Ne3 {[%clk 0:00:42]} Qb7
{[%clk 0:01:00]} 29. Rda1 {[%clk 0:00:39]} Rb5 {[%clk 0:00:52]} 30. Qd3
{[%clk 0:00:31]} Rc8 {[%clk 0:00:46]} 31. R1a3 {[%clk 0:00:27]} Rcc5
{[%clk 0:00:46]} 32. c4 {[%clk 0:00:28]} Rb4 {[%clk 0:00:44]} 33. Rxb4
{[%clk 0:00:28]} Qxb4 {[%clk 0:00:45]} 34. Ra4 {[%clk 0:00:22]} Qb7
{[%clk 0:00:45]} 35. Nd1 {[%clk 0:00:21]} f5 {[%clk 0:00:41]} 36. Ra3
{[%clk 0:00:19]} e4 {[%clk 0:00:41]} 37. Qd2 {[%clk 0:00:19]} Bf6
{[%clk 0:00:40]} 38. Kg2 {[%clk 0:00:17]} Qb6 {[%clk 0:00:36]} 39. Ne3
{[%clk 0:00:16]} Be5 {[%clk 0:00:32]} 40. Nxf5+ {[%clk 0:00:16]} gxf5
{[%clk 0:00:31]} 41. Qg5+ {[%clk 0:00:17]} Kf8 {[%clk 0:00:30]} 42. Qxf5+
{[%clk 0:00:17]} Ke7 {[%clk 0:00:32]} 43. Qxh5 {[%clk 0:00:13]} Qb4
{[%clk 0:00:27]} 44. Qh7+ {[%clk 0:00:13]} Kd8 {[%clk 0:00:29]} 45. Qg8+
{[%clk 0:00:12]} Kc7 {[%clk 0:00:30]} 46. Qh7+ {[%clk 0:00:13]} Kb6
{[%clk 0:00:28]} 47. Ra2 {[%clk 0:00:09]} Qxb3 {[%clk 0:00:27]} 48. Qg8
{[%clk 0:00:10]} Ka7 {[%clk 0:00:14]} 49. Qf7+ {[%clk 0:00:10]} Ka6
{[%clk 0:00:10]} 50. Qe8 {[%clk 0:00:10]} Ka7 {[%clk 0:00:08]} 51. Qd7+
{[%clk 0:00:11]} Qb7 {[%clk 0:00:09]} 52. Qd8 {[%clk 0:00:11]} Bc3
{[%clk 0:00:09]} 53. Qxd6 {[%clk 0:00:10]} Rxc4 {[%clk 0:00:10]} 54. Kh2
{[%clk 0:00:10]} e3 {[%clk 0:00:11]} 55. fxe3 {[%clk 0:00:11]} Bb4
{[%clk 0:00:12]} 56. Qe6 {[%clk 0:00:12]} Rc5 {[%clk 0:00:10]} 57. d6
{[%clk 0:00:12]} Rc1 {[%clk 0:00:11]} 58. e4 {[%clk 0:00:12]} Rd1
{[%clk 0:00:12]} 59. Qf5 {[%clk 0:00:08]} Rxd6 {[%clk 0:00:11]} 60. Rc2
{[%clk 0:00:08]} Qd7 {[%clk 0:00:09]} 61. Qf2+ {[%clk 0:00:09]} Kb7
{[%clk 0:00:09]} 62. e5 {[%clk 0:00:10]} Rd2 {[%clk 0:00:10]} 63. Rxd2
{[%clk 0:00:08]} Qxd2 {[%clk 0:00:12]} 64. Qxd2 {[%clk 0:00:09]} Bxd2
{[%clk 0:00:13]} 65. g4 {[%clk 0:00:08]} a4 {[%clk 0:00:14]} 66. g5
{[%clk 0:00:09]} a3 {[%clk 0:00:15]} 67. e6 {[%clk 0:00:10]} Kc7 {[%clk 0:00:16]}
68. g6 {[%clk 0:00:12]} Bh6 {[%clk 0:00:17]} 0-1

[Event "Blitz 2018"]
[Site "Saint-Petersburg"]
[Date "2018.12.30"]
[Round "15"]
[Board "44"]
[White "Lintchevski Daniil (RUS)"]
[Black "Salgado Lopez Ivan (ESP)"]
[Result "1-0"]
[LiveChessVersion "1.4.8"]
[BlackElo "2513"]
[WhiteElo "2594"]

1. e4 {[%clk 0:03:03]} c6 {[%clk 0:03:03]} 2. d4 {[%clk 0:03:03]} d5
{[%clk 0:03:04]} 3. Nd2 {[%clk 0:03:01]} dxe4 {[%clk 0:03:04]} 4. Nxe4
{[%clk 0:03:02]} Nf6 {[%clk 0:03:04]} 5. Nxf6+ {[%clk 0:03:02]} exf6
{[%clk 0:03:05]} 6. Bc4 {[%clk 0:03:02]} Nd7 {[%clk 0:03:02]} 7. h3
{[%clk 0:02:45]} Nb6 {[%clk 0:03:00]} 8. Bb3 {[%clk 0:02:45]} a5 {[%clk 0:03:00]}
9. a4 {[%clk 0:02:44]} Bd6 {[%clk 0:02:55]} 10. Qe2+ {[%clk 0:02:43]} Be7
{[%clk 0:02:55]} 11. Nf3 {[%clk 0:02:41]} O-O {[%clk 0:02:54]} 12. O-O
{[%clk 0:02:37]} Nd5 {[%clk 0:02:52]} 13. c3 {[%clk 0:02:28]} Be6
{[%clk 0:02:50]} 14. Bc2 {[%clk 0:02:26]} Re8 {[%clk 0:02:50]} 15. Nd2
{[%clk 0:02:10]} Qd7 {[%clk 0:02:34]} 16. Qf3 {[%clk 0:02:09]} g6
{[%clk 0:02:23]} 17. Ne4 {[%clk 0:02:08]} Qd8 {[%clk 0:01:59]} 18. Bd2
{[%clk 0:01:54]} f5 {[%clk 0:01:59]} 19. Ng3 {[%clk 0:01:36]} Nf6
{[%clk 0:01:51]} 20. Rfe1 {[%clk 0:01:27]} Qd7 {[%clk 0:01:48]} 21. Qf4
{[%clk 0:01:19]} Nd5 {[%clk 0:01:43]} 22. Qf3 {[%clk 0:01:16]} Bf8
{[%clk 0:01:38]} 23. Ne2 {[%clk 0:01:12]} Nf6 {[%clk 0:01:22]} 24. Nf4
{[%clk 0:01:13]} Bc4 {[%clk 0:01:21]} 25. b3 {[%clk 0:01:07]} Bd5
{[%clk 0:01:20]} 26. Qd1 {[%clk 0:00:45]} Be4 {[%clk 0:01:16]} 27. f3
{[%clk 0:00:42]} Bxc2 {[%clk 0:01:16]} 28. Qxc2 {[%clk 0:00:43]} Bd6
{[%clk 0:01:15]} 29. Nd3 {[%clk 0:00:43]} Bg3 {[%clk 0:01:13]} 30. Ne5
{[%clk 0:00:34]} Qd5 {[%clk 0:01:01]} 31. Red1 {[%clk 0:00:22]} Nh5
{[%clk 0:00:51]} 32. Be1 {[%clk 0:00:18]} Bxe5 {[%clk 0:00:38]} 33. dxe5
{[%clk 0:00:19]} Qxe5 {[%clk 0:00:38]} 34. Bf2 {[%clk 0:00:20]} Nf4
{[%clk 0:00:36]} 35. Qd2 {[%clk 0:00:21]} Ne2+ {[%clk 0:00:31]} 36. Kh1
{[%clk 0:00:18]} Qxc3 {[%clk 0:00:30]} 37. Qxc3 {[%clk 0:00:15]} Nxc3
{[%clk 0:00:31]} 38. Rd7 {[%clk 0:00:16]} b5 {[%clk 0:00:30]} 39. Bd4
{[%clk 0:00:17]} Ne2 {[%clk 0:00:30]} 40. Bb2 {[%clk 0:00:15]} f4
{[%clk 0:00:23]} 41. Rc7 {[%clk 0:00:14]} bxa4 {[%clk 0:00:23]} 42. Rxa4
{[%clk 0:00:14]} Ng3+ {[%clk 0:00:24]} 43. Kh2 {[%clk 0:00:16]} Re1
{[%clk 0:00:22]} 44. Rxf4 {[%clk 0:00:16]} Nf5 {[%clk 0:00:14]} 45. Rxc6
{[%clk 0:00:18]} Re2 {[%clk 0:00:14]} 46. Bf6 {[%clk 0:00:17]} Ne3 47. Re4
{[%clk 0:00:16]} Rxg2+ {[%clk 0:00:11]} 48. Kh1 {[%clk 0:00:17]} Re2
{[%clk 0:00:12]} 49. Rc3 {[%clk 0:00:16]} Nf5 {[%clk 0:00:10]} 50. Rxe2
{[%clk 0:00:12]} Ng3+ {[%clk 0:00:12]} 51. Kh2 {[%clk 0:00:11]} Nxe2
{[%clk 0:00:13]} 52. Rc5 {[%clk 0:00:11]} Nf4 {[%clk 0:00:11]} 53. Bc3
{[%clk 0:00:08]} Rb8 {[%clk 0:00:10]} 54. Be5 {[%clk 0:00:08]} Ne6
{[%clk 0:00:09]} 55. Rxa5 {[%clk 0:00:09]} Rxb3 {[%clk 0:00:10]} 56. Ra8+
{[%clk 0:00:10]} Nf8 {[%clk 0:00:10]} 57. Bd6 {[%clk 0:00:11]} Rxf3
{[%clk 0:00:10]} 58. Bxf8 {[%clk 0:00:11]} h5 {[%clk 0:00:11]} 59. Bc5+
{[%clk 0:00:11]} Kh7 {[%clk 0:00:12]} 60. Bd4 {[%clk 0:00:12]} f6
{[%clk 0:00:13]} 61. Ra6 {[%clk 0:00:12]} Kg7 {[%clk 0:00:11]} 62. Kg2
{[%clk 0:00:12]} Rf4 {[%clk 0:00:12]} 63. Rd6 {[%clk 0:00:12]} g5
{[%clk 0:00:12]} 64. Kg3 {[%clk 0:00:13]} Kg6 {[%clk 0:00:13]} 65. h4
{[%clk 0:00:13]} Rg4+ {[%clk 0:00:13]} 66. Kf3 {[%clk 0:00:14]} Rf4+
{[%clk 0:00:09]} 67. Ke3 {[%clk 0:00:16]} Rf5 {[%clk 0:00:08]} 68. hxg5
{[%clk 0:00:16]} Kxg5 {[%clk 0:00:09]} 69. Rd8 {[%clk 0:00:17]} h4
{[%clk 0:00:10]} 70. Rg8+ {[%clk 0:00:18]} Kh5 {[%clk 0:00:11]} 71. Ke4
{[%clk 0:00:19]} Rf1 {[%clk 0:00:11]} 72. Be3 {[%clk 0:00:19]} f5+
{[%clk 0:00:11]} 73. Ke5 {[%clk 0:00:20]} h3 {[%clk 0:00:12]} 74. Bf4
{[%clk 0:00:21]} h2 {[%clk 0:00:06]} 75. Bxh2 {[%clk 0:00:20]} Kh4
{[%clk 0:00:07]} 76. Bf4 {[%clk 0:00:20]} Kh3 {[%clk 0:00:08]} 77. Kxf5
{[%clk 0:00:18]} Ra1 {[%clk 0:00:09]} 78. Rg3+ {[%clk 0:00:16]} Kh4
{[%clk 0:00:09]} 79. Rb3 {[%clk 0:00:16]} Ra5+ {[%clk 0:00:09]} 80. Be5
{[%clk 0:00:18]} Rc5 {[%clk 0:00:07]} 81. Rb8 {[%clk 0:00:16]} Kh3
{[%clk 0:00:07]} 82. Rb2 {[%clk 0:00:17]} 1-0

[Event "Blitz 2018"]
[Site "Saint-Petersburg"]
[Date "2018.12.30"]
[Round "15"]
[Board "45"]
[White "Bazeev German (RUS)"]
[Black "Demchenko Anton (RUS)"]
[Result "1-0"]
[LiveChessVersion "1.4.8"]
[BlackElo "2572"]
[WhiteElo "2422"]

1. d4 {[%clk 0:03:03]} Nf6 {[%clk 0:03:03]} 2. Nf3 {[%clk 0:03:03]} d6
{[%clk 0:03:05]} 3. c4 {[%clk 0:03:04]} g6 {[%clk 0:03:06]} 4. Nc3
{[%clk 0:03:04]} Bg7 {[%clk 0:03:07]} 5. Bg5 {[%clk 0:03:04]} h6 {[%clk 0:03:05]}
6. Bh4 {[%clk 0:03:05]} g5 {[%clk 0:03:03]} 7. Bg3 {[%clk 0:03:05]} Nh5
{[%clk 0:03:04]} 8. e3 {[%clk 0:03:07]} e6 {[%clk 0:03:03]} 9. Nd2
{[%clk 0:03:05]} Nxg3 {[%clk 0:03:01]} 10. hxg3 {[%clk 0:03:06]} Qe7
{[%clk 0:02:59]} 11. Qc2 {[%clk 0:03:05]} Nc6 {[%clk 0:02:32]} 12. Be2
{[%clk 0:03:03]} Bd7 {[%clk 0:02:32]} 13. a3 {[%clk 0:03:05]} a6 {[%clk 0:02:15]}
14. Rc1 {[%clk 0:03:02]} O-O {[%clk 0:02:11]} 15. f4 {[%clk 0:02:55]} f5
{[%clk 0:02:08]} 16. Nf3 {[%clk 0:02:52]} g4 {[%clk 0:01:50]} 17. Nh4
{[%clk 0:02:53]} Qf7 {[%clk 0:01:52]} 18. b4 {[%clk 0:02:48]} Rae8
{[%clk 0:01:47]} 19. c5 {[%clk 0:02:23]} Ne7 {[%clk 0:01:30]} 20. Bc4
{[%clk 0:02:22]} Nd5 {[%clk 0:01:28]} 21. Bxd5 {[%clk 0:02:06]} exd5
{[%clk 0:01:29]} 22. Kf2 {[%clk 0:02:07]} Re7 {[%clk 0:01:19]} 23. Qa2
{[%clk 0:01:53]} Bc6 {[%clk 0:01:00]} 24. Rhe1 {[%clk 0:01:53]} dxc5
{[%clk 0:00:55]} 25. bxc5 {[%clk 0:01:51]} Rfe8 {[%clk 0:00:57]} 26. Rcd1
{[%clk 0:01:46]} Re6 {[%clk 0:00:39]} 27. Qb1 {[%clk 0:01:45]} Rf8
{[%clk 0:00:36]} 28. Na2 {[%clk 0:01:46]} Bb5 {[%clk 0:00:26]} 29. Nb4
{[%clk 0:01:41]} Bc4 {[%clk 0:00:26]} 30. Nd3 {[%clk 0:01:42]} Bxd3
{[%clk 0:00:27]} 31. Qxd3 {[%clk 0:01:42]} b6 {[%clk 0:00:27]} 32. Rc1
{[%clk 0:01:39]} b5 {[%clk 0:00:28]} 33. c6 {[%clk 0:01:39]} Rd6 {[%clk 0:00:25]}
34. a4 {[%clk 0:01:37]} bxa4 {[%clk 0:00:17]} 35. Qxa6 {[%clk 0:01:39]} Qe6
{[%clk 0:00:18]} 36. Qxa4 Bf6 37. Ng6 {[%clk 0:01:37]} Rb8 {[%clk 0:00:20]} 38.
Ne5 {[%clk 0:01:36]} h5 {[%clk 0:00:17]} 39. Qc2 {[%clk 0:01:29]} Rb6
{[%clk 0:00:16]} 40. Rh1 {[%clk 0:01:27]} Bxe5 {[%clk 0:00:15]} 41. fxe5
{[%clk 0:01:23]} Rdxc6 {[%clk 0:00:16]} 42. Qd2 {[%clk 0:01:22]} Rxc1
{[%clk 0:00:15]} 43. Rxc1 {[%clk 0:01:23]} Kg7 {[%clk 0:00:15]} 44. Rxc7+
{[%clk 0:01:23]} Kg6 {[%clk 0:00:16]} 45. Qc2 {[%clk 0:01:17]} Ra6
{[%clk 0:00:17]} 46. Kg1 {[%clk 0:01:10]} h4 {[%clk 0:00:15]} 47. Kh2
{[%clk 0:01:08]} Kg5 {[%clk 0:00:11]} 48. gxh4+ {[%clk 0:01:08]} Kxh4
{[%clk 0:00:12]} 49. Qf2+ {[%clk 0:01:09]} Kh5 {[%clk 0:00:13]} 50. Rh7+
{[%clk 0:01:08]} Kg6 {[%clk 0:00:13]} 51. Qh4 {[%clk 0:01:09]} g3+
{[%clk 0:00:12]} 52. Kxg3 f4+ 53. Kh2 {[%clk 0:01:09]} Kf5 {[%clk 0:00:13]} 54.
Qxf4+ {[%clk 0:01:08]} Kg6 {[%clk 0:00:14]} 55. Rh6+ {[%clk 0:01:08]} 1-0

[Event "Blitz 2018"]
[Site "Saint-Petersburg"]
[Date "2018.12.30"]
[Round "15"]
[Board "46"]
[White "Vokhidov Shamsiddin (UZB)"]
[Black "Yu Yangyi (CHN)"]
[Result "0-1"]
[LiveChessVersion "1.4.8"]
[BlackElo "2804"]
[WhiteElo "2414"]

1. e4 {[%clk 0:03:03]} e5 {[%clk 0:03:03]} 2. Nf3 {[%clk 0:03:04]} Nf6
{[%clk 0:03:05]} 3. Nc3 {[%clk 0:03:05]} Nc6 {[%clk 0:03:06]} 4. Bb5
{[%clk 0:03:02]} Bb4 {[%clk 0:03:06]} 5. O-O {[%clk 0:03:01]} O-O
{[%clk 0:03:08]} 6. d3 {[%clk 0:03:01]} d6 {[%clk 0:03:09]} 7. Ne2
{[%clk 0:03:01]} Ne7 {[%clk 0:03:09]} 8. Ng3 {[%clk 0:03:01]} a6 {[%clk 0:03:00]}
9. Bc4 {[%clk 0:03:01]} Ng6 {[%clk 0:02:58]} 10. c3 {[%clk 0:02:59]} Ba5
{[%clk 0:02:59]} 11. h3 {[%clk 0:02:45]} c5 {[%clk 0:02:53]} 12. d4
{[%clk 0:02:41]} b5 {[%clk 0:02:51]} 13. Bb3 {[%clk 0:02:41]} c4 {[%clk 0:02:50]}
14. Bc2 {[%clk 0:02:42]} Bb6 {[%clk 0:02:47]} 15. Be3 {[%clk 0:02:35]} Bb7
{[%clk 0:02:40]} 16. Re1 {[%clk 0:02:33]} Re8 {[%clk 0:02:41]} 17. Qd2
{[%clk 0:02:33]} exd4 {[%clk 0:02:26]} 18. Bxd4 {[%clk 0:02:34]} Ne5
{[%clk 0:02:27]} 19. Nh2 {[%clk 0:02:19]} Ng6 {[%clk 0:02:12]} 20. Rad1
{[%clk 0:02:19]} Re6 {[%clk 0:02:00]} 21. Nf3 {[%clk 0:02:13]} h6
{[%clk 0:01:54]} 22. Nf5 {[%clk 0:01:55]} Ne5 {[%clk 0:01:39]} 23. Bxb6
{[%clk 0:01:48]} Nxf3+ {[%clk 0:01:32]} 24. gxf3 {[%clk 0:01:49]} Qxb6
{[%clk 0:01:33]} 25. Qf4 {[%clk 0:01:36]} Ne8 {[%clk 0:01:16]} 26. Nd4
{[%clk 0:01:26]} Rf6 {[%clk 0:01:16]} 27. Qg3 {[%clk 0:01:25]} Rg6
{[%clk 0:01:17]} 28. Qxg6 fxg6 {[%clk 0:01:18]} 29. e5 {[%clk 0:01:13]} dxe5
{[%clk 0:01:07]} 30. Rxe5 {[%clk 0:01:14]} Nc7 {[%clk 0:01:07]} 31. Rde1
{[%clk 0:01:14]} Rf8 {[%clk 0:01:06]} 32. Kh2 {[%clk 0:01:05]} Bxf3
{[%clk 0:01:02]} 33. Re7 {[%clk 0:01:05]} Qd6+ {[%clk 0:00:59]} 34. Kg1
{[%clk 0:01:04]} Bd5 {[%clk 0:00:55]} 35. R7e3 {[%clk 0:01:03]} Qf6
{[%clk 0:00:48]} 36. R1e2 {[%clk 0:01:04]} Qg5+ {[%clk 0:00:46]} 37. Rg3
{[%clk 0:01:06]} Qc1+ {[%clk 0:00:47]} 38. Kh2 {[%clk 0:01:03]} Qh1#
{[%clk 0:00:47]} 0-1